| 000 | 00338nam a22001457a 4500 | ||
|---|---|---|---|
| 999 |
_c257061 _d257060 |
||
| 003 | OSt | ||
| 005 | 20180731103535.0 | ||
| 008 | 180731b xxu||||| |||| 00| 0 eng d | ||
| 020 | _a0-14-143955-6 | ||
| 040 | _cn/a | ||
| 100 | _aEmily Bronte | ||
| 245 | _aWuthering Heights | ||
| 260 |
_aNew York _bPenguin Books _c2003 |
||
| 942 |
_2lcc _cBK |
||